000 006290000a22001810004500
003 MACL
005 20160506150606.0
008 160506b xxu||||| |||| 00| 0 eng d
040 _aMACL
_cMACL
041 _aHindi
082 _a800
100 _aमुहम्‍मद, अली
_955474
245 _aहिन्‍दी रिपोर्ताज : परम्‍परा और मूल्‍यांकन
_cअली मुहम्‍मद
260 _bफस्‍ट एडिशन
_c2004
_aनई दिल्‍ली
350 _a450
650 _aLiterature
_955475
942 _cHIN
_k800/MUH/L
_2ddc
999 _c17818
_d17818